NAJDROŻSI PIŁKARZE ŚWIATA 2022! PART2 - Statystyki

Ogólne statystyki
  • Ten quiz został rozwiązany 50 razy
  • Średni wynik to 16 z 127
Statystyki odpowiedzi
WARTOŚĆ NARODOWOŚĆ NAZWISKO % Poprawnych
45,00 mln € POLSKA LEWANDOWSKI
70%
48,00 mln € FRANCJA POGBA
35%
45,00 mln € KANADA DAVID
32%
40,00 mln € POLSKA ZIELINSKI
30%
35,00 mln € FRANCJA GRIEZMANN
27%
40,00 mln € FRANCJA KANTE
27%
30,00 mln € FRANCJA BENZEMA
24%
40,00 mln € SŁOWENIA OBLAK
24%
42,00 mln € USA PULISIC
24%
48,00 mln € FRANCJA VARANE
24%
38,00 mln € WKS ZAHA
24%
45,00 mln € BRAZYLIA EDERSON
22%
45,00 mln € WKS KESSIE
22%
35,00 mln € ALGIERIA MAHREZ
22%
40,00 mln € FRANCJA MENDY
22%
32,00 mln € SENEGAL MENDY
22%
35,00 mln € BURKINA FASO TAPSOBA
22%
35,00 mln € MALI BISSOUMA
19%
45,00 mln € URUGWAJ GIMENEZ
19%
35,00 mln € GRUZJA KVARATSKHELIA
19%
30,00 mln € BELGIA ONANA
19%
45,00 mln € CZECHY SOUCEK
19%
45,00 mln € BELGIA TIELEMANS
19%
40,00 mln € HISZPANIA TORRES
19%
30,00 mln € SZWAJCARIA AKANJI
16%
35,00 mln € DANIA CHRISTENSEN
16%
35,00 mln € ARGENTYNA DE PAUL
16%
30,00 mln € WKS FOFANA
16%
35,00 mln € WKS HALLER
16%
30,00 mln € ANGLIA MAGUIRE
16%
35,00 mln € FRANCJA MAIGNAN
16%
38,00 mln € GHANA PARTEY
16%
45,00 mln € WŁOCHY PELLEGRINI
16%
30,00 mln € WŁOCHY RASPADORI
16%
30,00 mln € ANGLIA SHAW
16%
30,00 mln € ANGLIA STONES
16%
45,00 mln € HOLANDIA TIMBER
16%
33,00 mln € WŁOCHY ZANIOLO
16%
30,00 mln € MEKSYK ALVAREZ
14%
30,00 mln € KAMERUN ANGUISSA
14%
33,00 mln € ALGIERIA BENNACER
14%
35,00 mln € URUGWAJ BENTANCUR
14%
40,00 mln € CHORWACJA BROZOVIC
14%
40,00 mln € ARGENTYNA CORREA
14%
40,00 mln € FRANCJA FEKIR
14%
32,00 mln € BRAZYLIA FIRMINO
14%
40,00 mln € FRANCJA KIMPEMBE
14%
40,00 mln € FRANCJA KONATE
14%
35,00 mln € SENEGAL KOULIBALY
14%
42,00 mln € CHORWACJA KOVACIC
14%
45,00 mln € HISZPANIA LAPORTE
14%
40,00 mln € HISZPANIA LLORENTE
14%
30,00 mln € MEKSYK LOZANO
14%
32,00 mln € SZKOCJA MCTOMINAY
14%
40,00 mln € HISZPANIA MORENO
14%
45,00 mln € PORTUGALIA NUNES
14%
45,00 mln € BRAZYLIA PAQUETA
14%
30,00 mln € FRANCJA PAVARD
14%
40,00 mln € FRANCJA SALIBA
14%
35,00 mln € NIEMCY SULE
14%
32,00 mln € SZKOCJA TIERNEY
14%
35,00 mln € HISZPANIA ASENSIO
11%
40,00 mln € BRAZYLIA BREMER
11%
40,00 mln € BELGIA CARRASCO
11%
35,00 mln € ARGENTYNA DYBALA
11%
38,00 mln € BRAZYLIA GABRIEL/MAGALHAES
11%
35,00 mln € HOLANDIA GAKPO
11%
42,00 mln € DANIA HOJBJERG
11%
35,00 mln € WŁOCHY LOCATELLI
11%
40,00 mln € BRAZYLIA MARTINELLI
11%
30,00 mln € ANGLIA MINGS
11%
40,00 mln € HISZPANIA OLMO
11%
40,00 mln € ANGLIA SMITH ROWE
11%
35,00 mln € ANGLIA WATKINS
11%
32,00 mln € UKRAINA ZINCHENKO
11%
35,00 mln € NIEMCY ADEYEMI
8%
42,00 mln € ANGLIA BOWEN
8%
35,00 mln € TURCJA CALHANOGLU
8%
30,00 mln € PORTUGALIA GONCALVES
8%
35,00 mln € PORTUGALIA GUEDES
8%
40,00 mln € WŁOCHY JORGINHO
8%
35,00 mln € FRANCJA LEMAR
8%
32,00 mln € SZKOCJA MCGINN
8%
40,00 mln € HISZPANIA PINO
8%
35,00 mln € USA REYNA
8%
40,00 mln € NIEMCY RUDIGER
8%
45,00 mln € HISZPANIA RUIZ
8%
40,00 mln € FRANCJA SAINT-MAXIMIN
8%
30,00 mln € WŁOCHY SCAMACCA
8%
33,00 mln € NIEMCY SCHLOTTERBECK
8%
30,00 mln € NIEMCY TER STEGEN
8%
40,00 mln € ANGLIA TONEY
8%
40,00 mln € FRANCJA UPAMECANO
8%
40,00 mln € ANGLIA WHITE
8%
30,00 mln € USA AARONSON
5%
30,00 mln € FRANCJA BADIASHILE
5%
32,00 mln € ANGLIA BARNES
5%
35,00 mln € HOLANDIA BOTMAN
5%
30,00 mln € BRAZYLIA CARLOS
5%
38,00 mln € ANGLIA CHILWELL
5%
35,00 mln € HISZPANIA GAYA
5%
40,00 mln € ANGLIA GORDON
5%
35,00 mln € HOLANDIA GRAVENBERCH
5%
40,00 mln € PORTUGALIA NEVES
5%
32,00 mln € WKS SANGARE
5%
40,00 mln € HISZPANIA SOLER
5%
40,00 mln € PORTUGALIA VITINHA
5%
32,00 mln € ANGLIA WARD-PROWSE
5%
35,00 mln € HISZPANIA ZUBIMENDI
5%
32,00 mln € ARGENTYNA BUENDIA
3%
30,00 mln € BRAZYLIA CUNHA
3%
30,00 mln € BELGIA DE KETELAERE
3%
35,00 mln € ANGLIA ELLIOTT
3%
30,00 mln € ANGLIA GALLAGHER
3%
35,00 mln € FRANCJA GOUIRI
3%
35,00 mln € FRANCJA LE NORMAND
3%
35,00 mln € BRAZYLIA LUIZ
3%
32,00 mln € FRANCJA NDICKA
3%
38,00 mln € PORTUGALIA NETO
3%
32,00 mln € FRANCJA TERRIER
3%
30,00 mln € PORTUGALIA VIEIRA
3%
40,00 mln € ANGLIA CALVERT-LEWIN
0%
32,00 mln € ANGLIA GUEHI
0%
30,00 mln € FRANCJA NDOMBELE
0%
30,00 mln € PORTUGALIA OTAVIO
0%
30,00 mln € BRAZYLIA ROYAL
0%
32,00 mln € FRANCJA ZOUMA
0%
Nie znaleziono quizów pasujących do podanych kryteriów
Rozkład punktacji
Procent ludzi z każdym wynikiem
Percentyl według liczby udzielonych odpowiedzi
Twoja historia wyników
Nie rozwiązałeś tego quizu